[Event "Canadian op"]
[Site "Edmonton"]
[Date "1989.07.23"]
[Round "10"]
[White "Southam, David"]
[Black "Matus, Shawn"]
[Result "1-0"]
[WhiteElo "2328"]
[BlackElo "2061"]
[PlyCount "97"]
[EventDate "1989.07.15"]
[EventType "swiss"]
[EventRounds "10"]
[EventCountry "CAN"]
[SourceTitle "EXT 2017"]
[Source "ChessBase"]
[SourceDate "2016.10.25"]
[SourceVersion "1"]
[SourceVersionDate "2016.10.25"]
[SourceQuality "1"]

1. e4 e5 2. Nf3 Nf6 3. d4 exd4 4. e5 Ne4 5. Qxd4 d5 6. exd6 Nxd6 7. Nc3 Nc6 8. Qf4 Be6 9. Bd3 Be7 10. Bd2 h6 11. h4 Qd7 12. 0-0-0 0-0-0 13. h5 Bf6 14. Kb1 Kb8 15. Na4 Qc8 16. Nc5 Bf5 17. Bc1 Bxd3 18. Rxd3 Rhe8 19. Qa4 Ne5 20. Ra3 Nc6 21. Nxb7 Nxb7 22. Qxc6 Re6 23. Qa4 a6 24. Be3 Qd7 25. Qxd7 Rxd7 26. Rd3 Red6 27. Rxd6 Rxd6 28. c4 Rd7 29. b3 Nd8 30. Kc2 Nc6 31. Bc5 Rd8 32. Re1 Kc8 33. Re4 Kb7 34. g4 Kc8 35. Ne1 Bd4 36. Bxd4 Nxd4+ 37. Kc3 Ne6 38. Nd3 Kb7 39. f4 Rf8 40. b4 Rd8 41. a4 Rc8 42. a5 Rd8 43. f5 Ng5 44. Nc5+ Kc6 45. Re1 Ra8 46. Nxa6 Kb7 47. Nc5+ Kc6 48. Rd1 Re8 49. b5+ 1-0